Gather /

Ian Gray isn't supposed to have a dog, but a lot of things that shouldn't happen end up happening anyway. And Gather, Ian's adopted pup, is good company now that Ian has to quit the basketball team, find a job, and take care of his mom as she tries to overcome her opioid addiction. De...

Full description

Bibliographic Details
Main Author: Cadow, Kenneth M. (Author)
Format: Book
Language:English
Published: Somerville, Massachusetts : Candlewick Press ; 2023.
Edition:First edition.
Subjects:

MARC

Tag First Indicator Second Indicator Subfields
LEADER 00000cam a2200000 i 4500
001 in00004763513
003 OCoLC
005 20231215141419.3
008 230119t20232023mau d 000 1 eng d
024 8 |a 40032061116 
040 |a YDX  |b eng  |e rda  |c YDX  |d IOU  |d XY4  |d OCLCO  |d IUO  |d INO  |d UIU  |d RB0  |d IBI  |d CSG  |d VRP  |d OCLCF  |d FUG  |d RNL  |d SINLB  |d OCLCO  |d CDS  |d MWD  |d ANK 
020 |a 9781536231113  |q (hardcover) 
020 |a 1536231118  |q (hardcover) 
035 |a (OCoLC)1362487747 
050 4 |a PS3603.A368  |b G285 2023 
082 0 4 |a CAD  |2 23 
100 1 |a Cadow, Kenneth M.,  |e author. 
245 1 0 |a Gather /  |c Kenneth M. Cadow. 
250 |a First edition. 
264 1 |a Somerville, Massachusetts :  |b Candlewick Press ;  |c 2023. 
264 4 |c ©2023. 
300 |a 325 pages ;  |c 22 cm 
336 |a text  |b txt  |2 rdacontent 
337 |a unmediated  |b n  |2 rdamedia 
338 |a volume  |b nc  |2 rdacarrier 
520 |a Ian Gray isn't supposed to have a dog, but a lot of things that shouldn't happen end up happening anyway. And Gather, Ian's adopted pup, is good company now that Ian has to quit the basketball team, find a job, and take care of his mom as she tries to overcome her opioid addiction. Despite the obstacles thrown their way, Ian is determined to keep his family afloat no matter what it takes. And for a little while, things are looking up: Ian makes friends, and his fondness for the outdoors and for fixing things lands him work helping neighbors. But an unforeseen tragedy results in Ian and his dog taking off on the run, trying to evade a future that would mean leaving their house and their land. Even if the community comes together to help him, would Ian and Gather have a home to return to? 
586 |a Finalist for National Book Award for Literature for Youth 2023. 
650 0 |a Substance abuse  |v Fiction. 
650 0 |a Children of drug addicts  |v Fiction. 
650 0 |a Mothers and sons  |v Fiction. 
650 0 |a Homelessness  |v Fiction. 
650 0 |a Poverty  |v Fiction. 
650 0 |a Dogs  |v Fiction. 
650 0 |a Human-animal relationships  |v Fiction. 
650 0 |a Young adult fiction. 
650 1 |a Substance abuse  |v Fiction. 
650 1 |a Children of drug addicts  |v Fiction. 
650 1 |a Homelessness  |v Fiction. 
650 1 |a Poverty  |v Fiction. 
650 1 |a Dogs  |v Fiction. 
650 1 |a Human-animal relationships  |v Fiction. 
650 6 |a Itinérance  |v Romans, nouvelles, etc. 
650 6 |a Pauvreté  |v Romans, nouvelles, etc. 
650 6 |a Enfants de toxicomanes  |v Romans, nouvelles, etc. 
650 6 |a Mères et fils  |v Romans, nouvelles, etc. 
650 6 |a Chiens  |v Romans, nouvelles, etc. 
650 6 |a Relations homme-animal  |v Romans, nouvelles, etc. 
650 6 |a Roman pour jeunes adultes. 
650 7 |a Bildungsromans  |2 fast 
650 7 |a Homelessness  |2 fast 
650 7 |a Poverty  |2 fast 
650 7 |a Substance abuse  |2 fast 
650 7 |a Substance abuse  |v Juvenile fiction.  |2 sears 
650 7 |a Children of drug addicts  |v Juvenile fiction.  |2 sears 
650 7 |a Homelessness  |v Juvenile fiction.  |2 sears 
650 7 |a Poverty  |v Juvenile fiction.  |2 sears 
650 7 |a Dogs  |v Juvenile fiction.  |2 sears 
650 7 |a Animal behavior  |v Juvenile fiction.  |2 sears 
655 0 |a Young adult fiction. 
655 7 |a Fiction  |2 fast 
655 7 |a Bildungsromans.  |2 lcgft 
655 7 |a Social problem fiction.  |2 lcgft 
655 7 |a Domestic fiction.  |2 lcgft 
655 7 |a Animal fiction.  |2 lcgft 
945 |b 923551 
947 |a A14852486795 
980 |b print  |c 40032061116  |g 565712  |k USD  |m 16.19  |q 1  |s AcqMono Conventional  |t Approval plan  |u Vendor order reference number  |v ZYBP  |y Print approval  |z Physical resource 
999 f f |i c53b2264-bf33-4f3c-8c25-dea6034ace14  |s bfd4f56a-bdf3-4a92-a711-0335de54158b  |t 0 
952 f f |p normal  |a Texas A&M University  |b College Station  |c Sterling C. Evans Library  |s Evans curr  |d Evans: Curriculum Collection (4th floor)  |t 0  |e PS3603.A368 G285 2023  |h Library of Congress classification  |i unmediated -- volume  |m A14852486795